00774nam a22002057a 4500003000500000005001700005008004100022010001000063011001000073035001000083040000900093082001600102110005100118245004500169260002700214300000700241500024500248651003700493700003800530CHAP20220329135508.0971013s r 00010 d a37555 a38527 a42647 cCHAP a972.083bP3 aPartido Revolucionario Institucional. México aLópez Portillob: memoria de campaña a(s.l.) :bP.R.I.,c19- av. aLa biblioteca tiene: v.3 Tlaxcala, Puebla, Oaxaca, Chiapas.- v.4 Edo. de México, Michoacán, Guerrero, Morelos.- v.5 Quintana Roo, Yucatán, Campeche, Tabasco, Veracruz.- v.8 Distrito Federal y Zona Metropolitana.- Crónica Querétaro 4aMéxicoxPolítica y gobierno.0 aLópez Portillo Pacheco, José.